[Event "Heusenstamm Sparkassen op U14 6th"]
[Site "Heusenstamm"]
[Date "2019.11.24"]
[Round "7"]
[White "Heller, Roan"]
[Black "Mueftahi, Tunay"]
[Result "0-1"]
[WhiteElo "1490"]
[BlackElo "1002"]
[PlyCount "120"]
[EventDate "2019.11.21"]
[EventType "swiss"]
[EventRounds "7"]
[EventCountry "GER"]
[SourceTitle "CBM 194 Extra"]
[Source "ChessBase"]
[SourceDate "2020.03.31"]
[SourceVersion "1"]
[SourceVersionDate "2020.03.31"]
[SourceQuality "1"]

1. e4 c5 2. Nf3 Nc6 3. Bc4 g6 4. Nc3 Bg7 5. d3 e6 6. Qe2 Nge7 7. Bb3 Na5 8. Bf4 a6 9. 0-0 Nxb3 10. axb3 0-0 11. Qe3 d5 12. exd5 exd5 13. Qxc5 d4 14. Ne4 Nd5 15. Bd6 Nf4 16. Bxf8 Bxf8 17. Qc4 Bg7 18. Rfe1 Bg4 19. Nfg5 Ne6 20. h3 Bf5 21. g4 Bxg4 22. hxg4 Nxg5 23. Nxg5 Qxg5 24. f3 h5 25. Re2 Be5 26. Qd5 Bh2+ 27. Kxh2 Qxd5 28. Rf2 hxg4 29. fxg4 Qe5+ 30. Kg1 Kg7 31. Kf1 Rh8 32. Kg1 Qd5 33. Rh2 Rxh2 34. Kxh2 Qf3 35. Rg1 Kh6 36. Rg3 Qf4 37. Kh3 g5 38. Kh2 Qc7 39. Kh3 Qxc2 40. b4 Qxb2 41. b5 Qxb5 42. Rf3 Kg6 43. Kg3 Qe5+ 44. Kf2 a5 45. Kg2 Qe2+ 46. Rf2 Qxf2+ 47. Kxf2 a4 48. Kg3 a3 49. Kh3 a2 50. Kg3 a1Q 51. Kg2 Qb2+ 52. Kh3 f5 53. gxf5+ Kxf5 54. Kg3 Qc3 55. Kf3 Qxd3+ 56. Kg2 Kf4 57. Kh2 Kg4 58. Kg2 Qc2+ 59. Kh1 Kg3 60. Kg1 Qc1# 0-1